| 000 | 00613nam a2200193Ia 4500 | ||
|---|---|---|---|
| 003 | GCL | ||
| 008 | 140319s9999 xx 000 0 ara d | ||
| 040 |
_aGCL / _cGCL |
||
| 082 | 0 | 4 |
_a792.0962 _bف م |
| 100 | 1 | _aفتحى العشرى | |
| 245 | 1 | 0 |
_aالمسرح المصرى 1901 - 1905 الجزء الرابع / _cفتحى العشرى |
| 300 | _a263 ص | ||
| 490 |
_aسلسلة توثيق المسرح المصرى _v0 |
||
| 650 | 0 | 4 | _aالتذوق المسرحى |
| 650 | 0 | 4 | _aالمسرح |
| 650 | 0 | 4 | _aالتمثيل فى المسرح |
| 650 | 0 | 4 | _aالمسرح - تاريخ - مصر |
| 942 |
_2ddc _cBK |
||
| 999 |
_c52269 _d52269 |
||